Online
Catalog

Teoría de la acción : (Record no. 12694)

MARC details
000 -CABECERA
campo de control de longitud fija 00743cam a22002531 4500
001 - NÚMERO DE CONTROL
campo de control 000013051
005 - FECHA Y HORA DE LA ÚLTIMA TRANSACCIÓN
campo de control 20240422195705.0
008 - DATOS DE LONGITUD FIJA--INFORMACIÓN GENERAL
campo de control de longitud fija 901210s1969 ck b 000 0 spa
010 ## - NÚMERO DE CONTROL DE LA BIBLIOTECA DEL CONGRESO
Número de control de LC 71497274
025 ## - NÚMERO DE ADQUISICIÓN EXTRANJERO
Número de adquisición extranjero LACAP70-0706
035 ## - NÚMERO DE CONTROL DEL SISTEMA
Número de control de sistema (OCoLC)22828945
040 ## - FUENTE DE LA CATALOGACIÓN
Centro catalogador/agencia de origen DO-SdBNP
Centro/agencia transcriptor NNC-L
Centro/agencia modificador DLC
042 ## - CÓDIGO DE AUTENTICACIÓN
Código de autenticación premarc
043 ## - CÓDIGO DE ÁREA GEOGRÁFICA
Código de área geográfica s-ck---
082 ## - NÚMERO DE LA CLASIFICACIÓN DECIMAL DEWEY
Número de clasificación 347.052
Número de documento/Ítem R173t
049 ## - FONDOS LOCALES (OCLC)
Fondos de biblioteca BNGR
100 1# - ENTRADA PRINCIPAL--NOMBRE DE PERSONA
Nombre de persona Ramirez Arcila, Carlos.
9 (RLIN) 30169
245 10 - MENCIÓN DE TÍTULO
Título Teoría de la acción :
Resto del título temas de derecho procesal civil.
260 ## - PUBLICACIÓN, DISTRIBUCIÓN, ETC.
Lugar de publicación, distribución, etc. Bogota, :
Nombre del editor, distribuidor, etc. Temis,
Fecha de publicación, distribución, etc. 1969.
300 ## - DESCRIPCIÓN FÍSICA
Extensión xvi, 252 p. ;
Dimensiones 23 cm.
504 ## - NOTA DE BIBLIOGRAFÍA, ETC.
Nota de bibliografía, etc. Bibliography: p. [249]-252.
650 #4 - PUNTO DE ACCESO ADICIONAL DE MATERIA--TÉRMINO DE MATERIA
Término de materia o nombre geográfico como elemento de entrada Acción y defensa (derecho)
Subdivisión geográfica Colombia
9 (RLIN) 30170
650 #0 - PUNTO DE ACCESO ADICIONAL DE MATERIA--TÉRMINO DE MATERIA
Término de materia o nombre geográfico como elemento de entrada Procedimiento civil
9 (RLIN) 13926
999 ## - NÚMEROS DE CONTROL DE SISTEMA (KOHA)
-- 0000279
Holdings
Estado de retiro Estado de pérdida Restricciones de uso No para préstamo Código de colección Localización permanente Ubicación/localización actual Ubicación en estantería Fecha de adquisición Número de inventario Total de préstamos Signatura topográfica completa Código de barras Fecha visto por última vez Precio válido a partir de Tipo de ítem Koha
    Préstamo interno   Monografías: Libros y Folletos General General En catalogación 19.11.2009 LF1   347.052 R173t 13051-10 25.06.2020 25.06.2020 Préstamo interno

Powered by Koha